| 000 | 00484nab a2200145 4500 | ||
|---|---|---|---|
| 003 | ES-SlBCS | ||
| 005 | 20210327231206.0 | ||
| 008 | 141106s2014 br ||||| |||| 00| 0 por d | ||
| 040 |
_aES-SlBCS _bspa |
||
| 100 | 1 |
_aChaves-Tannús, Marcio _9209061 |
|
| 245 | 1 | 4 |
_aUma passagem enigmática dos "Tópicos" de Aristóteles _cMarcio Chaves-Tannús |
| 650 | 0 | 4 |
_aLógica _914736 |
| 773 | 0 |
_gVol. 28, Nº 55, 2014, págs. 313-321 _tEducaçao e Filosofia _wRev1534 _x0102-6801 |
|
| 942 |
_2lcc _cAR |
||
| 999 |
_c849486 _d849486 |
||